Уравнения математической физики (Запись № 1674958)

Подробности
000 -МАРКЕР
контрольное поле 02726nam0a2200397 4500
001 - ИДЕНТИФИКАТОР ЗАПИСИ
контрольное поле RU\NLR\bibl\895227
005 - ИДЕНТИФИКАТОР ВЕРСИИ
контрольное поле 20260405093149.0
010 ## - МЕЖДУНАРОДНЫЙ СТАНДАРТНЫЙ НОМЕР КНИГИ (ISBN)
Номер (ISBN) 5-7638-0587-9
Тираж 150
021 ## - НОМЕР ГОСУДАРСТВЕННОЙ РЕГИСТРАЦИИ
Код страны Российская Федерация
Номер 2005-69547
Номер Листа государственной регистраци 3423
035 ## - ДРУГИЕ СИСТЕМНЫЕ НОМЕРА
Идентификатор записи (nilc)RSL-KNO-002764093
035 ## - ДРУГИЕ СИСТЕМНЫЕ НОМЕРА
Идентификатор записи (NLR Aleph) 000883698
100 ## - ДАННЫЕ ОБЩЕЙ ОБРАБОТКИ
Данные общей обработки 20051028d2005 |||y0rusy50 ca
101 0# - ЯЗЫК РЕСУРСА
Язык текста, звукозаписи и т.д. русский
102 ## - СТРАНА ПУБЛИКАЦИИ ИЛИ ПРОИЗВОДСТВА
Страна публикации Российская Федерация
105 ## - ПОЛЕ КОДИРОВАННЫХ ДАННЫХ: ТЕКСТОВЫЕ МАТЕРИАЛЫ, МОНОГРАФИЧЕСКИЕ
Кодированные данные о монографическом текстовом документе a |||||||||
106 ## - ПОЛЕ КОДИРОВАННЫХ ДАННЫХ: ТЕКСТОВЫЕ РЕСУРСЫ – ФОРМА
Форма ресурса: кодированные данные: обозначение носителя r
200 1# - ЗАГЛАВИЕ И СВЕДЕНИЯ ОБ ОТВЕТСТВЕННОСТИ
Основное заглавие Уравнения математической физики
Сведения, относящиеся к заглавию учеб. пособие
-- [для студентов, обучающихся по специальностям и направлениям: "Математика", "Математика. Компьютерные науки", "Прикладная математика и информатика", "Физика"]
Первые сведения об ответственности В.К. Андреев, Ю.Я. Белов, Н.Н. Лазарева, Т.Н. Шипина
Последующие сведения об ответственности Федер. агентство по образованию, Краснояр. гос. ун-т, Рос. акад. наук, Ин-т вычисл. моделирования СО РАН
210 ## - ПУБЛИКАЦИЯ, РАСПРОСТРАНЕНИЕ И ДР.
Место издания, распространения и т.д. Красноярск
Имя издателя, распространителя и т. д. Краснояр. гос. ун-т
Дата издания, распространения и т.д. 2005
215 ## - ФИЗИЧЕСКАЯ ХАРАКТЕРИСТИКА
Специфическое обозначение материала и объем 128 с.
Размеры 20
320 ## - ПРИМЕЧАНИЯ О НАЛИЧИИ В ДОКУМЕНТЕ БИБЛИОГРАФИИ / УКАЗАТЕЛЯ
Текст примечания Библиогр.: с. 118-119 (22 назв.)
606 1# - НАИМЕНОВАНИЕ ТЕМЫ КАК ПРЕДМЕТ
Наименование темы Математическая физика
Формальный подзаголовок Учебные издания для высших учебных заведений
Тематический подзаголовок Уравнения
Системный номер авторитетной/нормативной записи 1003365
Идентификатор авторитетной/нормативной записи RU\NLR\auth\66380826
610 0# - НЕКОНТРОЛИРУЕМЫЕ ПРЕДМЕТНЫЕ ТЕРМИНЫ
Предметный термин Физико-математические науки -- Математика -- Математический анализ -- Дифференциальные уравнения -- Дифференциальные уравнения с частными производными -- Дифференциальные уравнения математической физики -- Учебник для высшей школы
686 ## - ИНДЕКСЫ ДРУГИХ КЛАССИФИКАЦИЙ
Индекс В161.621я73-1
Код системы
686 ## - ИНДЕКСЫ ДРУГИХ КЛАССИФИКАЦИЙ
Индекс В311я73-1
701 #1 - ИМЯ ЛИЦА - АЛЬТЕРНАТИВНАЯ ОТВЕТСТВЕННОСТЬ
Код отношения Автор
Материалы, к которым относится поле rus
Графика поля Кириллица
Начальный элемент ввода Андреев
Часть имени, кроме начального элемента ввода В. К.
Дополнения к именам, кроме дат д-р физ.-мат. наук
Расширение инициалов личного имени Виктор Константинович
Идентификатор авторитетной/нормативной записи RU\NLR\auth\7734132
Системный номер авторитетной/нормативной записи 17138
701 #1 - ИМЯ ЛИЦА - АЛЬТЕРНАТИВНАЯ ОТВЕТСТВЕННОСТЬ
Код отношения Автор
Материалы, к которым относится поле rus
Графика поля Кириллица
Начальный элемент ввода Белов
Часть имени, кроме начального элемента ввода Ю. Я.
Дополнения к именам, кроме дат д-р физ.-мат. наук
Расширение инициалов личного имени Юрий Яковлевич
Идентификатор авторитетной/нормативной записи RU\NLR\auth\7734136
Системный номер авторитетной/нормативной записи 17142
701 #1 - ИМЯ ЛИЦА - АЛЬТЕРНАТИВНАЯ ОТВЕТСТВЕННОСТЬ
Код отношения Автор
Материалы, к которым относится поле rus
Графика поля Кириллица
Начальный элемент ввода Лазарева
Часть имени, кроме начального элемента ввода Н. Н.
Дополнения к именам, кроме дат математик
Расширение инициалов личного имени Нина Николаевна
Идентификатор авторитетной/нормативной записи RU\NLR\auth\7734139
Системный номер авторитетной/нормативной записи 17145
701 #1 - ИМЯ ЛИЦА - АЛЬТЕРНАТИВНАЯ ОТВЕТСТВЕННОСТЬ
Код отношения Автор
Начальный элемент ввода Шипина
Часть имени, кроме начального элемента ввода Т. Н.
Дополнения к именам, кроме дат канд. физ.-мат. наук
Расширение инициалов личного имени Татьяна Николаевна
Системный номер авторитетной/нормативной записи 178683
Идентификатор авторитетной/нормативной записи RU\NLR\AUTH\770178734
801 #0 - ИСТОЧНИК ЗАПИСИ
Страна Российская Федерация
Организация RuMoRKP
Дата составления 20051028
Правила каталогизации rcr
801 #1 - ИСТОЧНИК ЗАПИСИ
Страна Российская Федерация
Организация RuMoRGB
Дата составления 20051028
801 #2 - ИСТОЧНИК ЗАПИСИ
Страна Российская Федерация
Организация NLR
Дата составления 20060110
Правила каталогизации rcr
942 ## - ДОПОЛНИТЕЛЬНЫЕ ЭЛЕМЕНТЫ ЗАПИСИ (АБИС)
Тип экземпляра АБИС Книга
980 ## - КОЛЛЕКЦИЯ
Название коллекции Национальная библиография
Экземпляры
Тип экземпляра Дата поступления Источник поступления Библиотека постоянного хранения Библиотека текущего хранения Место хранения Шифр хранения Штрих-код Статус экземпляра
Книга 10.01.2006 Обязательный экземпляр РНБ (Московский) РНБ (Московский) Русский книжный фонд: издания с 1957 года 2006-3/341 2092359  
Книга 10.01.2006 Обязательный экземпляр РНБ (Московский) РНБ (Московский) Русский книжный фонд: издания с 1957 года 2006-3/341 2092360